WWE Women Royal Rumble Winners - Statistics

General Stats
  • This quiz has been taken 35 times
  • The average score is 7 of 8
Answer Stats
Year Wrestler % Correct
2025 Charlotte Flair
93%
2020 Charlotte Flair
93%
2018 Asuka
90%
2019 Becky Lynch
90%
2024 Bayley
86%
2021 Bianca Belair
83%
2023 Rhea Ripley
76%
2022 Ronda Rousey
66%
No matching quizzes found
Score Distribution
Percent of People with Each Score
Percentile by Number Answered
Your Score History
You have not taken this quiz